Normal view
MARC view
- Pelismino, Larry George Anthony L.
Entry Personal Name
001 - CONTROL NUMBER
- control field: 60805
003 - CONTROL NUMBER IDENTIFIER
- control field: OSt
005 - DATE AND TIME OF LATEST TRANSACTION
- control field: 20240912084435.0
008 - FIXED-LENGTH DATA ELEMENTS
- fixed length control field: 240912|| aca||aabn | a|a d
040 ## - CATALOGING SOURCE
- Original cataloging agency: OSt
- Transcribing agency: OSt
100 ## - HEADING--PERSONAL NAME
- Personal name: Pelismino, Larry George Anthony L.
- Relator term: author.
670 ## - SOURCE DATA FOUND
- Source citation: Work cat.: (OSt): Pelismino, Larry George Anthony L. author., How to protect our children from the effects of electronic media /, December 2019.
